Chủ đề nước và các hiện tượng thời tiết dành cho trẻ 3-4 tuổi

.

Đã lưu trong:
Chi tiết thư mục
Tác giả chính: Trần Thị Ngọc Trâm
Định dạng: Sách
Năm xuất bản: H. Giáo dục 2005
Chủ đề:
Tags: Thêm thẻ
Không có thẻ, Hãy là người đầu tiên gắn thẻ bản ghi này!
LEADER 02563nam a2200289 4500
082 |a 372.357  |b TR120TH 
100 |a Trần Thị Ngọc Trâm 
245 |a Chủ đề nước và các hiện tượng thời tiết  |c Phùng Thị Tường biên soạn, Trần Thị Ngọc Trâm, Hoàng Thị Thu Hương  |b dành cho trẻ 3-4 tuổi 
260 |a H.  |b Giáo dục  |c 2005 
300 |a 20tr.  |c 21cm 
500 |a Đầu trang tên sách ghi: Bé khám phá môi trường xung quanh 
520 |a . 
653 |a Giáo dục mầm non 
653 |a môi trường 
653 |a thời tiết 
942 |2 ddc  |c STK0 
999 |c 10182  |d 10182 
952 |0 0  |1 0  |2 ddc  |4 0  |6 372_357000000000000_TR120TH  |7 0  |8 300  |9 79210  |a qbu  |b qbu  |c D2  |d 2015-07-20  |g 4200  |o 372.357 TR120TH  |p 9869.c1  |r 0000-00-00  |w 2015-07-20  |y STK0  |0 0  |6 372_357000000000000_TR120TH 
952 |0 0  |1 0  |2 ddc  |4 0  |6 372_357000000000000_TR120TH  |7 0  |8 300  |9 79211  |a qbu  |b qbu  |c D2  |d 2015-07-20  |g 4200  |o 372.357 TR120TH  |p 9869.c2  |r 0000-00-00  |w 2015-07-20  |y STK0  |0 0  |6 372_357000000000000_TR120TH 
952 |0 0  |1 0  |2 ddc  |4 0  |6 372_357000000000000_TR120TH  |7 0  |8 300  |9 79212  |a qbu  |b qbu  |c D2  |d 2015-07-20  |g 4200  |o 372.357 TR120TH  |p 9869.c3  |r 0000-00-00  |w 2015-07-20  |y STK0  |0 0  |6 372_357000000000000_TR120TH 
952 |0 0  |1 0  |2 ddc  |4 0  |6 372_357000000000000_TR120TH  |7 0  |8 300  |9 79213  |a qbu  |b qbu  |c D2  |d 2015-07-20  |g 4200  |o 372.357 TR120TH  |p 9869.c4  |r 0000-00-00  |w 2015-07-20  |y STK0  |0 0  |6 372_357000000000000_TR120TH 
952 |0 0  |1 0  |2 ddc  |4 0  |6 372_357000000000000_TR120TH  |7 0  |8 300  |9 79214  |a qbu  |b qbu  |c D2  |d 2015-07-20  |g 4200  |o 372.357 TR120TH  |p 9869.c5  |r 0000-00-00  |w 2015-07-20  |y STK0  |0 0  |6 372_357000000000000_TR120TH 
952 |0 0  |1 0  |2 ddc  |4 0  |6 372_357000000000000_TR120TH  |7 0  |8 300  |9 79215  |a qbu  |b qbu  |c D2  |d 2015-07-20  |g 4200  |o 372.357 TR120TH  |p 9869.c6  |r 0000-00-00  |w 2015-07-20  |y STK0  |0 0  |6 372_357000000000000_TR120TH 
952 |0 0  |1 0  |2 ddc  |4 0  |6 372_357000000000000_TR120TH  |7 0  |8 300  |9 79216  |a qbu  |b qbu  |c D2  |d 2015-07-20  |g 4200  |o 372.357 TR120TH  |p 9869.c7  |r 0000-00-00  |w 2015-07-20  |y STK0  |0 0  |6 372_357000000000000_TR120TH 
952 |0 0  |1 0  |2 ddc  |4 0  |6 372_357000000000000_TR120TH  |7 0  |8 300  |9 79217  |a qbu  |b qbu  |c D2  |d 2015-07-20  |g 4200  |o 372.357 TR120TH  |p 9869.c8  |r 0000-00-00  |w 2015-07-20  |y STK0  |0 0  |6 372_357000000000000_TR120TH 
952 |0 0  |1 0  |2 ddc  |4 0  |6 372_357000000000000_TR120TH  |7 0  |8 300  |9 79218  |a qbu  |b qbu  |c D2  |d 2015-07-20  |g 4200  |o 372.357 TR120TH  |p 9869.c9  |r 0000-00-00  |w 2015-07-20  |y STK0  |0 0  |6 372_357000000000000_TR120TH 
952 |0 0  |1 0  |2 ddc  |4 0  |6 372_357000000000000_TR120TH  |7 0  |8 300  |9 79219  |a qbu  |b qbu  |c D2  |d 2015-07-20  |g 4200  |l 1  |o 372.357 TR120TH  |p 9869.c10  |r 2018-11-28  |s 2018-11-26  |w 2015-07-20  |y STK0  |0 0  |6 372_357000000000000_TR120TH